000 00361nam a2200133Ia 4500
008 220217s9999||||xx |||||||||||||| ||und||
020 _a9780070264922
082 _a658.311 ADL
100 _aAdler, Oscar
_98155
245 0 _aSell yourself in Any Interview
260 _aTata cgraw hill
_bNew Delhi
_c2008
300 _axv;158
_b225
650 _aMANAGEMENT
999 _c182874
_d182874